01678 a2200181 45000010006000000050017000060080041000230030015000640400040000790800022001192450025001412500011001662640036001773000019002135051221002321000023014537000020014762278120260407155517.0260407a1982 arg spa dAR-UNSa-BCEJYS aAR-UNSa-BCEJYSbspacAR-UNSa-BCEJYS a657xContabilidad10aPrincipios Contables a3a. ed 1aBuenos Aires :bEl Ateneoc1982 a553 p.c21 cm. aParte I: Contabilidad patrimonial :1. Índole y objeto de la contabilidad - 2. Conceptos de contabilidad : el balance general - 3. Conceptos contable básicos: el estado de resultado - 4. Registros y sistemas contables - 5. Ingresos y activos monetarios - 6. Costo de la mercadería vendidas e inventarios - 7. Bienes de uso y amortización - 8. Otros gastos y ganancia netas - 9. Pasivo y patrimonio neto - 10. Adquisiciones de derechos de propiedad y estados consolidados - 11. Estados de flujo de caja y de flujo de fondos - 12. Análisis de estados contables - 13. Comprensión de los estados contables - Parte II: Contabilidad gerencial: 14. La naturaleza de la contabilidad gerencial - 15. Fundamentes esenciales de la contabilidad de costo total - 16. Aspectos adicionales de la contabilidad de costos totales - 17. Análisis de las variaciones en producción - 18. Contabilidad diferencial: el comportamiento de los costos - 19. Decisiones alternativas - 20. Decisiones en inversiones de capital - 21. Contabilidad de responsabilidades: estructura y proceso del control administrativo - 22. Programación y preparación del presupuesto - 23. Análisis e información del desempeño - Apéndice.1 aAnthony, Robert N.1 aReece, James S.